Evaluación de los aprendizajes en el aula. Opiniones y prácticas de docentes de primaria en México.

Đã lưu trong:
Chi tiết về thư mục
Tác giả chính: García Medina, Adán Moisés et al, (autor)
Định dạng: Sách
Ngôn ngữ:Tiếng Tây Ban Nha
Những chủ đề:
Truy cập trực tuyến:Ver documento en línea
Các nhãn: Thêm thẻ
Không có thẻ, Là người đầu tiên thẻ bản ghi này!

MARC

LEADER 00000nam^a2200000^u^4500
001 000521058
005 20251023000000.0
008 120326s1000^^^^^^^^^^^^r^^^^^000^0^spa^d
009 20260310130514.344
022 |a 9786077675297 
035 |a FCE 000065299 
037 |a Acervo ITESO - Biblioteca 
041 |a spa 
082 0 4 |a 371.27  |b GARe 
100 |a García Medina, Adán Moisés  |e et al  |e (autor) 
245 1 0 |a Evaluación de los aprendizajes en el aula.  |b Opiniones y prácticas de docentes de primaria en México. 
264 |a México:  |b INEE,  |c 2011. 
300 |a 146 p. 
336 |a texto  |b txt  |2 rdacontenido 
337 |a sin mediación  |b n  |2 rdamedio 
338 |a volumen  |b nc  |2 rdasoporte 
649 |a XX 
650 |a Educación básica 
650 |a Evaluación del aprendizaje 
650 |a Métodos de evaluación 
650 |a Resultados nacionales 
856 4 0 |u https://www.inee.edu.mx/images/COEPRI/coeprifinal.pdf  |y Ver documento en línea 
910 |a Fondo Centro de Estudios Educativos 
920 |a Impresos - Libros 
930 |a Fondos Especiales 
905 |a 133 
901 |a ALE071847  |b IT2  |c CEE  |u 20250521 
901 |a ALE071848  |b IT2  |c CEE  |u 20250521 
902 |a https://opac.biblio.iteso.mx/vufind/Record/000521058